[Event "Belorechensk Seniors op"]
[Site "Belorechensk"]
[Date "2013.02.21"]
[Round "9"]
[White "Mandzhiev, Vladimir"]
[Black "Suslov, Nikolay"]
[Result "1/2-1/2"]
[WhiteElo "1718"]
[BlackElo "1965"]
[PlyCount "145"]
[EventDate "2013.02.13"]
[EventType "swiss"]
[EventRounds "9"]
[EventCountry "RUS"]
[SourceTitle "CBM 153 Extra"]
[Source "ChessBase"]
[SourceDate "2013.04.22"]
[SourceVersion "1"]
[SourceVersionDate "2013.04.22"]
[SourceQuality "1"]

1. d4 d5 2. c4 c6 3. Nc3 Nf6 4. Nf3 Nbd7 5. cxd5 cxd5 6. e3 e6 7. Bd3 a6 8. 0-0 b5 9. a3 Bb7 10. Re1 Ne4 11. Nd2 f5 12. f3 Nxc3 13. bxc3 Rc8 14. Bb2 Nf6 15. e4 g6 16. exf5 Kf7 17. fxe6+ Kg7 18. Qe2 Be7 19. Qe3 Re8 20. Qf2 Bd6 21. g3 Re7 22. Re2 Qc7 23. Kg2 Rce8 24. Rae1 Bc8 25. Nf1 Bxe6 26. g4 Bf4 27. h3 Bf7 28. Rxe7 Rxe7 29. Rxe7 Qxe7 30. Qe2 Qc7 31. Kf2 h5 32. Kg2 hxg4 33. hxg4 Qd6 34. Kf2 Be6 35. Bc2 Qd7 36. Qd3 Qf7 37. Kg2 Qe8 38. a4 Bf7 39. axb5 axb5 40. Bd1 Qd7 41. Kf2 Be8 42. Qe2 Qf7 43. Kg2 Bd7 44. Bc2 Be8 45. Ba3 Qd7 46. Qe7+ Qxe7 47. Bxe7 Bd7 48. Kf2 Kf7 49. Bxf6 Kxf6 50. Ne3 Bxe3+ 51. Kxe3 g5 52. Kd2 Ke7 53. Kc1 Kd6 54. Kb2 Kc6 55. Ka3 Kb6 56. Kb4 Be8 57. Bf5 Kc6 58. Ka5 Kd6 59. Bd3 Bf7 60. Kxb5 Be8+ 61. Kb6 Ba4 62. Be2 Bb3 63. Ka5 Bc2 64. Kb4 Kc6 65. c4 Bb1 66. Kc3 dxc4 67. Bxc4 Bg6 68. Bd3 Bf7 69. Be4+ Kd6 70. Kd3 Ke6 71. f4 Kf6 72. Bc6 Bb3 73. Ke3 1/2-1/2

[Event "Belorechensk Seniors op"]
[Site "Belorechensk"]
[Date "2013.02.19"]
[Round "7"]
[White "Popov, Evgeny"]
[Black "Mandzhiev, Vladimir"]
[Result "1-0"]
[WhiteElo "1917"]
[BlackElo "1718"]
[PlyCount "79"]
[EventDate "2013.02.13"]
[EventType "swiss"]
[EventRounds "9"]
[EventCountry "RUS"]
[SourceTitle "CBM 153 Extra"]
[Source "ChessBase"]
[SourceDate "2013.04.22"]
[SourceVersion "1"]
[SourceVersionDate "2013.04.22"]
[SourceQuality "1"]

1. e4 c5 2. Nc3 Nc6 3. f4 e6 4. Nf3 d5 5. Bb5 d4 6. Bxc6+ bxc6 7. Na4 Ba6 8. b3 Bb5 9. Nb2 Qc7 10. d3 f6 11. 0-0 g6 12. Qe2 Ne7 13. f5 gxf5 14. Nh4 0-0-0 15. Nc4 e5 16. Nxf5 Nxf5 17. Rxf5 Bxc4 18. bxc4 Be7 19. Bd2 Kb7 20. Qe1 Rb8 21. Ba5 Qd7 22. Rb1+ Ka8 23. Rb3 Rxb3 24. cxb3 Rg8 25. Bd2 Qe8 26. Qe2 Qg6 27. Qf3 Qg4 28. Qf1 Qg6 29. Rf3 Qg7 30. Rh3 Qg6 31. Rh6 Qg7 32. h3 Kb8 33. g4 Kc7 34. Qf5 Rh8 35. Kh2 a6 36. h4 Qg8 37. Ba5+ Kd6 38. Kg3 Qg7 39. g5 Bd8 40. Bxd8 1-0

[Event "Lagan Grey Kaspian Sea-C"]
[Site "Lagan"]
[Date "2007.07.23"]
[Round "?"]
[White "Mandzhiev, Vladimir"]
[Black "Mankirov, Vladimir"]
[Result "1-0"]
[WhiteElo "1679"]
[BlackElo "1667"]
[PlyCount "45"]
[EventDate "2007.07.23"]
[EventType "tourn"]
[EventRounds "9"]
[EventCountry "RUS"]
[SourceTitle "EXT 2022"]
[Source "ChessBase"]
[SourceDate "2021.10.06"]
[SourceVersion "1"]
[SourceVersionDate "2021.10.06"]
[SourceQuality "1"]

1. e4 e5 2. Nf3 Nc6 3. Bb5 a6 4. Ba4 Nf6 5. 0-0 Be7 6. Re1 b5 7. Bb3 d6 8. c3 0-0 9. h3 Na5 10. Bc2 d5 11. exd5 Nxd5 12. d4 exd4 13. Nxd4 Bc5 14. Qd3 Nf6 15. Bg5 Bxd4 16. Bxf6 g6 17. Bxd8 Rxd8 18. cxd4 Bf5 19. Qd2 Bxc2 20. Qxc2 Rxd4 21. Qc3 Ra4 22. b3 b4 23. Qf3 1-0

[Event "Lagan Grey Kaspian Sea-C"]
[Site "Lagan"]
[Date "2007.07.23"]
[Round "?"]
[White "Papuev, Victor"]
[Black "Mandzhiev, Vladimir"]
[Result "0-1"]
[WhiteElo "1822"]
[BlackElo "1679"]
[PlyCount "46"]
[EventDate "2007.07.23"]
[EventType "tourn"]
[EventRounds "9"]
[EventCountry "RUS"]
[SourceTitle "EXT 2022"]
[Source "ChessBase"]
[SourceDate "2021.10.06"]
[SourceVersion "1"]
[SourceVersionDate "2021.10.06"]
[SourceQuality "1"]

1. d4 Nf6 2. c4 e6 3. Nc3 Bb4 4. e3 c5 5. Nf3 0-0 6. Be2 Ne4 7. Bd2 f5 8. 0-0 d6 9. a3 Bxc3 10. Bxc3 Nxc3 11. bxc3 Nc6 12. d5 Na5 13. Re1 e5 14. Qc2 b6 15. e4 fxe4 16. Qxe4 Nb3 17. Rab1 Bf5 18. Qe3 Bxb1 19. Rxb1 Na5 20. Ng5 Qf6 21. Ne4 Qf7 22. Ng5 Qe7 23. Nf7 Rxf7 0-1